MARC

LEADER 00000nam0a2200000 4500
001 326858
005 20231102003913.0
035 |a (RuTPU)RU\TPU\book\352518 
090 |a 326858 
100 |a 20170118d1979 k y0rusy5003 ca 
101 0 |a rus 
102 |a RU 
105 |a a z 001zy 
200 1 |a Системный анализ процессов химической технологии  |e сборник статей  |f Московский химико-технологический институт им. Д. И. Менделеева (МХТИ) 
210 |a Москва  |c Изд-во МХТИ  |d 1979 
215 |a 168 с.  |c ил.  |d 26 см. 
225 1 |a Труды Московского химико-технологического института им. Д. И. Менделеева (МХТИ)  |v Вып. 106 
320 |a Библиография в конце статей 
606 1 |a Химико-технологические процессы  |x Системный анализ  |2 stltpush  |3 (RuTPU)RU\TPU\subj\67789  |9 83455 
610 1 |a химическая технология 
610 1 |a информация 
610 1 |a сбор 
610 1 |a переработка 
610 1 |a математические методы 
610 1 |a операционные системы 
610 1 |a имитационное моделирование 
610 1 |a геометрическое программирование 
610 1 |a технологические системы 
610 1 |a управление 
610 1 |a регулирование 
610 1 |a диагностирование 
610 1 |a химическая промышленность 
610 1 |a обучающие комплексы 
610 1 |a химическая кибернетика 
675 |a 66.011  |z rus  |v 3 
712 0 2 |a Московский химико-технологический институт им. Д. И. Менделеева (МХТИ)  |2 stltpush  |3 (RuTPU)RU\TPU\col\1701 
801 0 |a RU  |b RuMRKP  |c 19950704  |g psbo 
801 1 |a RU  |b 63413507  |c 20170118 
801 2 |a RU  |b 63413507  |c 20170118  |g RCR 
942 |c BK